000 00544nam a22001817a 4500
008 150617b xxu||||| |||| 00| 0 eng d
020 _a9781608714209
041 0 _aeng
080 _a658
100 1 _aBriggs, Mark,
245 1 0 _aEntrepreneurial journalism :
_cby Mark Briggs.
260 _aLos Angeles :
_aThousand Oaks :
_bSage ;
_bCQ Press,
_c2012.
300 _a320 f. :
_bme il.;
_c21 cm.
505 _aIndex: f.307-320
650 0 _aGazetat elektronike
650 0 _aGazetat online
942 _2udc
_cBK
999 _c1057
_d1057